Los hermanos Karamazov

保存先:
書誌詳細
第一著者: Dostoievski, Fedor (著者)
フォーマット: 図書
言語:スペイン語
出版事項: Santiago Zig-Zag 1900
シリーズ:Biblioteca de Novelistas
主題:
タグ: タグ追加
タグなし, このレコードへの初めてのタグを付けませんか!

MARC

LEADER 00000nam a2200000 a 4500
001 UCO1791
003 CL-VaPUC
008 000519e19000000CL |||||||||||||||||spa|d
082 0 4 |a 891.703  |b DOS  |2 21 
100 |a Dostoievski, Fedor  |e author  |9 267773 
245 1 4 |a Los hermanos Karamazov 
300 |a v 
942 |c BK 
945 |d 20000519 00:00:00  |a rbrito 
260 |a Santiago  |b Zig-Zag  |c 1900 
650 0 |a Novelas rusas   |9 316330 
583 |a last modification  |c 20120816 02:51:00  |k Rodrigo Vera 
490 0 |a Biblioteca de Novelistas 
999 |c 288386  |d 288384 
952 |0 0  |1 0  |2 ddc  |4 0  |6 891_703000000000000_DOS_1900  |7 0  |8 P  |9 336051  |a BIBARQ  |b BIBARQ  |d 2019-11-20  |h v.1  |i 3621510  |o 891.703 DOS 1900  |p 3621510  |r 2025-01-20  |w 2019-11-20  |y BK  |k ARQ 
952 |0 0  |1 0  |2 ddc  |4 0  |6 891_703000000000000_DOS_1900  |7 0  |8 P  |9 336052  |a BIBARQ  |b BIBARQ  |d 2019-11-20  |h v.2  |i 3621529  |o 891.703 DOS 1900  |p 3621529  |r 2025-01-20  |w 2019-11-20  |y BK  |k ARQ